[Event "Nonalaya Ricardo Online op"]
[Site "Chess.com INT"]
[Date "2020.07.19"]
[Round "6"]
[White "Saenz, Ivan"]
[Black "Rosas Valverde, Nicolle Shesira"]
[Result "0-1"]
[WhiteElo "1820"]
[BlackElo "1608"]
[PlyCount "88"]
[EventDate "2020.07.19"]
[EventType "swiss (blitz)"]
[EventRounds "9"]
[EventCountry "PER"]
[SourceTitle "CBM 197 Extra"]
[Source "ChessBase"]
[SourceDate "2020.09.30"]
[SourceVersion "1"]
[SourceVersionDate "2020.09.30"]
[SourceQuality "1"]

1. d4 Nf6 2. Bg5 Ne4 3. Bf4 d5 4. Nd2 Nd6 5. e3 b6 6. Bd3 Bb7 7. Ngf3 c5 8. c4 e6 9. cxd5 Bxd5 10. 0-0 Be7 11. e4 Bc6 12. dxc5 bxc5 13. Rc1 Nb7 14. Nc4 0-0 15. Nfe5 Bb5 16. Qf3 Nd6 17. Na3 Bxd3 18. Nxd3 Nb7 19. Nb5 Nc6 20. Rfd1 Nd4 21. Nxd4 cxd4 22. e5 Qd7 23. Ne1 Rfd8 24. Nd3 Rac8 25. g3 Nc5 26. Bd2 Nxd3 27. Qxd3 Rc5 28. Rxc5 Bxc5 29. Bc1 Qc7 30. f4 Qb6 31. Be3 Qxb2 32. Rd2 Qc1+ 33. Kg2 h6 34. Rc2 Qa3 35. Qxa3 Bxa3 36. Rd2 Bc5 37. Kf3 Bb6 38. Ke4 dxe3 39. Rxd8+ Bxd8 40. Kxe3 Bb6+ 41. Kd3 Kh7 42. a4 Kg6 43. Ke4 h5 44. h3 f6 0-1

[Event "Pan American-ch U14 Girls"]
[Site "Santiago de Chile"]
[Date "2018.07.25"]
[Round "5"]
[White "Rosas Valverde, Nicolle Shesira"]
[Black "Borda Rodas, Anapaola S"]
[Result "1/2-1/2"]
[WhiteElo "1630"]
[BlackElo "1996"]
[PlyCount "62"]
[EventDate "2018.07.22"]
[EventType "swiss"]
[EventRounds "9"]
[EventCountry "CHI"]
[SourceTitle "EXT 2022"]
[Source "ChessBase"]
[SourceDate "2021.10.06"]
[SourceVersion "1"]
[SourceVersionDate "2021.10.06"]
[SourceQuality "1"]

1. e4 c6 2. d4 d5 3. e5 Bf5 4. g4 Bg6 5. e6 Qd6 6. exf7+ Bxf7 7. f4 Nd7 8. Nf3 Ngf6 9. h3 Bg6 10. Bd3 Be4 11. Nc3 0-0-0 12. Be3 Qb4 13. Rb1 e6 14. a3 Qa5 15. 0-0 Bxf3 16. Qxf3 Bd6 17. b4 Qc7 18. b5 Rhf8 19. bxc6 Qxc6 20. Nb5 Bb8 21. Rb3 Nb6 22. Rc3 Nc4 23. Bxc4 dxc4 24. Qxc6+ bxc6 25. Rxc4 Kd7 26. Nc3 Nd5 27. Nxd5 exd5 28. Rc3 Rde8 29. Rf3 Re4 30. f5 h5 31. g5 Bc7 1/2-1/2

[Event "Lima Surco op 2nd"]
[Site "Lima"]
[Date "2017.07.16"]
[Round "7"]
[White "Garceran Izquierdo, Ruben"]
[Black "Rosas Valverde, Nicolle Shesira"]
[Result "1/2-1/2"]
[WhiteElo "1742"]
[BlackElo "1462"]
[PlyCount "103"]
[EventDate "2017.07.08"]
[EventType "swiss"]
[EventRounds "9"]
[EventCountry "PER"]
[SourceTitle "EXT 2018"]
[Source "ChessBase"]
[SourceDate "2017.10.13"]
[SourceVersion "1"]
[SourceVersionDate "2017.10.13"]
[SourceQuality "1"]

1. c4 c5 2. Nc3 Nc6 3. Nf3 Nf6 4. d4 cxd4 5. Nxd4 g6 6. e3 Bg7 7. Be2 0-0 8. 0-0 e6 9. Nf3 a6 10. e4 Qc7 11. Be3 Ng4 12. Bc5 Re8 13. Bd6 Qa5 14. Rc1 Nge5 15. Qd2 Nxf3+ 16. Bxf3 Be5 17. Rfd1 Bxd6 18. Qxd6 Ne5 19. Be2 Nc6 20. a3 Na7 21. Rd3 b5 22. c5 b4 23. axb4 Qxb4 24. h4 Nb5 25. Nxb5 axb5 26. h5 Qxb2 27. Re1 Ra1 28. Bd1 Qb4 29. Ree3 Rc1 30. hxg6 fxg6 31. Rf3 Qxc5 32. Qxc5 Rxc5 33. Bb3 Re5 34. Rd4 Rf8 35. Rfd3 Rf7 36. f3 Rc5 37. Rd6 Kf8 38. Kf2 Ke7 39. Ke3 Rg5 40. Kf2 Rf8 41. Rb6 Rc5 42. Bd1 Rc6 43. Rb8 Rd8 44. Rb3 Ba6 45. Rxd8 Kxd8 46. Be2 Rb6 47. Ke3 d6 48. g4 Ke7 49. f4 h6 50. Kd4 Kf6 51. e5+ Ke7 52. Rh3 1/2-1/2

[Event "South American-ch U12 Girls"]
[Site "Santiago de Chile"]
[Date "2016.12.02"]
[Round "2.2"]
[White "Rosas Valverde, Nicolle Shesira"]
[Black "Perez Canete, Dora Romina"]
[Result "1-0"]
[WhiteElo "1447"]
[BlackElo "1548"]
[PlyCount "65"]
[EventDate "2016.12.01"]
[EventType "swiss"]
[EventRounds "9"]
[EventCountry "CHI"]
[SourceTitle "EXT 2022"]
[Source "ChessBase"]
[SourceDate "2021.10.06"]
[SourceVersion "1"]
[SourceVersionDate "2021.10.06"]
[SourceQuality "1"]

1. e4 e5 2. Nf3 d6 3. Bc4 f5 4. d3 Nc6 5. Ng5 Nh6 6. Nh3 fxe4 7. Bxh6 Bxh3 8. Qh5+ g6 9. Qxh3 Bxh6 10. Qxh6 Qd7 11. Qg5 Nd4 12. Bb3 exd3 13. cxd3 Qb5 14. 0-0 Qxd3 15. Nc3 h6 16. Qf6 Rf8 17. Qg7 0-0-0 18. Nd5 Kb8 19. Qxc7+ Ka8 20. Bc4 Qc2 21. Rac1 Qf5 22. Ne7 Qg5 23. Bd5 Rb8 24. Rc4 Rfe8 25. Nxg6 Qxg6 26. Bf7 Nf3+ 27. Kh1 Qf5 28. Bxe8 Nd2 29. Bd7 Qf8 30. Rfc1 Nxc4 31. Rxc4 a6 32. Ra4 Qxf2 33. Rxa6+ 1-0

[Event "South America-ch U12 Girls 12th"]
[Site "Santa Cruz"]
[Date "2015.12.05"]
[Round "5"]
[White "Bustamante Malpartida, Nayeli Aleydis Rubi"]
[Black "Rosas Valverde, Nicolle Shesira"]
[Result "0-1"]
[WhiteElo "1459"]
[BlackElo "1630"]
[PlyCount "30"]
[EventDate "2015.12.02"]
[EventType "swiss"]
[EventRounds "9"]
[EventCountry "BOL"]
[SourceTitle "CBM 170 Extra"]
[Source "ChessBase"]
[SourceDate "2016.02.25"]
[SourceVersion "1"]
[SourceVersionDate "2016.02.25"]
[SourceQuality "1"]

1. e4 c5 2. Nf3 d6 3. d4 cxd4 4. Nxd4 Nf6 5. Nc3 g6 6. Be3 Bg7 7. f3 0-0 8. Qd2 Nc6 9. 0-0-0 Nxd4 10. Bxd4 Qa5 11. g4 Be6 12. Kb1 Rfc8 13. b3 Bxb3 14. axb3 e5 15. Bf2 Rxc3 0-1